<?xml version="1.0" encoding="UTF-8"?>
<collection xmlns="http://www.loc.gov/MARC21/slim">
 <record>
  <leader>04215ntm a22005297i 4500</leader>
  <controlfield tag="001">000697860</controlfield>
  <controlfield tag="003">CZ-PrVSE</controlfield>
  <controlfield tag="005">20230513182807.0</controlfield>
  <controlfield tag="006">m        d</controlfield>
  <controlfield tag="007">cr n||||||||||</controlfield>
  <controlfield tag="008">230513s2023    xr     fsbm   000 0 eng d</controlfield>
  <datafield tag="STA" ind1=" " ind2=" ">
   <subfield code="a">NEZPRACOVANÝ IMPORT</subfield>
  </datafield>
  <datafield tag="040" ind1=" " ind2=" ">
   <subfield code="a">ABA006</subfield>
   <subfield code="b">cze</subfield>
   <subfield code="c">ABA006</subfield>
   <subfield code="d">ABA006</subfield>
   <subfield code="e">rda</subfield>
  </datafield>
  <datafield tag="100" ind1="1" ind2=" ">
   <subfield code="a">Simetinger, František</subfield>
   <subfield code="%">ISIS:54256</subfield>
   <subfield code="4">dis</subfield>
  </datafield>
  <datafield tag="242" ind1="1" ind2="0">
   <subfield code="a">Industry 4.0 Maturity Model for Manufacturing Small- and Medium-sized Enterprises</subfield>
   <subfield code="y">eng</subfield>
  </datafield>
  <datafield tag="245" ind1="1" ind2="0">
   <subfield code="a">Industry 4.0 Maturity Model for Manufacturing Small- and Medium-sized Enterprises /</subfield>
   <subfield code="c">František Simetinger</subfield>
  </datafield>
  <datafield tag="264" ind1=" " ind2="0">
   <subfield code="c">2023</subfield>
  </datafield>
  <datafield tag="300" ind1=" " ind2=" ">
   <subfield code="a">?? stran :</subfield>
   <subfield code="3">digital, PDF soubor</subfield>
  </datafield>
  <datafield tag="500" ind1=" " ind2=" ">
   <subfield code="a">Vedoucí práce: Josef Basl</subfield>
  </datafield>
  <datafield tag="502" ind1=" " ind2=" ">
   <subfield code="a">Disertační práce (Ph.D.)—Vysoká škola ekonomická v Praze. Fakulta informatiky a statistiky,</subfield>
  </datafield>
  <datafield tag="504" ind1=" " ind2=" ">
   <subfield code="a">Obsahuje bibliografii</subfield>
  </datafield>
  <datafield tag="516" ind1=" " ind2=" ">
   <subfield code="a">Textový (vysokoškolská kvalifikační práce)</subfield>
  </datafield>
  <datafield tag="518" ind1=" " ind2=" ">
   <subfield code="a">Rok obhajoby</subfield>
  </datafield>
  <datafield tag="520" ind1="3" ind2=" ">
   <subfield code="a">Industry 4.0 is an emerging topic with growing importance. This dissertation thesis and related research describe the process of critical factors’ identification relevant to small- and medium-sized enterprises during the implementation of Industry 4.0 principles. This thesis’s primary goal is to create a new Industry 4.0 maturity model that reflects these critical factors and provides a usable form for these organizations. At the same time, this new Industry 4.0 model adopts the best practices from the existing Industry 4.0 maturity models. The Theoretical Part of this thesis involves literature research, comparative analysis of existing Industry 4.0 maturity and readiness models, and complementary research. Literature research focused on Industry 4.0 in combination with comparative analysis resulted in the identification of critical elements but also gaps in the analyzed models. The following complementary research has resolved these gaps and has proposed solutions for them. Together, these findings represent key inputs for the creation of the new Industry 4.0 Maturity Model for Manufacturing Small- and Medium-sized Enterprises, abbreviated and referred to as I4MMSME. The following part, Creation and Description of I4MMSME, describes the model creation process. I4MMSME utilizes inputs from the Theoretical Part. This part also describes I4MMSME itself with all critical assumptions, traits, and elements. The next two parts, Survey and Model Evaluation, describe the survey process between chosen manufacturing enterprises and evaluation of I4MMSME. The survey conducts an assessment of chosen manufacturing enterprises. The evaluation was performed via case studies where the development of two manufacturing enterprises is described from I4MMSME's perspective, a comparison of an assessment model from the European Union, and a brief summary of feedback in other publications. The last part, Conclusions, summarizes the research and its main benefits.</subfield>
  </datafield>
  <datafield tag="520" ind1="8" ind2=" ">
   <subfield code="a">These benefits include new methods that address identified gaps and drawbacks, the establishment of unified terminology in the context of Industry 4.0, or the definition of explicit dependencies between dimensions within I4MMSME. There are also outlined possible new research questions.</subfield>
  </datafield>
  <datafield tag="538" ind1=" " ind2=" ">
   <subfield code="a">Způsob přístupu: Internet</subfield>
  </datafield>
  <datafield tag="653" ind1="0" ind2=" ">
   <subfield code="a">aplikovaná informatika [obor disert. práce]</subfield>
  </datafield>
  <datafield tag="655" ind1=" " ind2="7">
   <subfield code="a">disertace</subfield>
   <subfield code="7">fd132024</subfield>
   <subfield code="2">czenas</subfield>
  </datafield>
  <datafield tag="655" ind1=" " ind2="9">
   <subfield code="a">dissertations</subfield>
   <subfield code="2">eczenas</subfield>
  </datafield>
  <datafield tag="690" ind1=" " ind2=" ">
   <subfield code="a">business-IT alignment</subfield>
  </datafield>
  <datafield tag="690" ind1=" " ind2=" ">
   <subfield code="a">business informatics</subfield>
  </datafield>
  <datafield tag="690" ind1=" " ind2=" ">
   <subfield code="a">maturity model</subfield>
  </datafield>
  <datafield tag="690" ind1=" " ind2=" ">
   <subfield code="a">organizational transformation</subfield>
  </datafield>
  <datafield tag="690" ind1=" " ind2=" ">
   <subfield code="a">Industry 4.0</subfield>
  </datafield>
  <datafield tag="690" ind1=" " ind2=" ">
   <subfield code="a">learning organization</subfield>
  </datafield>
  <datafield tag="690" ind1=" " ind2=" ">
   <subfield code="a">business model</subfield>
  </datafield>
  <datafield tag="700" ind1="1" ind2=" ">
   <subfield code="a">Basl, Josef,</subfield>
   <subfield code="d">1961-</subfield>
   <subfield code="7">jn20001103446</subfield>
   <subfield code="4">ths</subfield>
  </datafield>
  <datafield tag="700" ind1="1" ind2=" ">
   <subfield code="a">Kopeček, Pavel</subfield>
   <subfield code="4">opn</subfield>
  </datafield>
  <datafield tag="710" ind1="2" ind2=" ">
   <subfield code="a">Vysoká škola ekonomická v Praze.</subfield>
   <subfield code="b">Fakulta informatiky a statistiky</subfield>
   <subfield code="7">kn20010709399</subfield>
   <subfield code="4">dgg</subfield>
  </datafield>
  <datafield tag="856" ind1="4" ind2="0">
   <subfield code="u">https://insis.vse.cz/zp/66004/podrobnosti</subfield>
   <subfield code="y">VŠKP v InSIS</subfield>
  </datafield>
  <datafield tag="856" ind1="4" ind2="0">
   <subfield code="u">https://insis.vse.cz/zp/66004</subfield>
   <subfield code="y">Hlavní práce</subfield>
  </datafield>
  <datafield tag="999" ind1="4" ind2="0">
   <subfield code="u">https://insis.vse.cz/zp/66004/podrobnosti</subfield>
   <subfield code="y">dc:identifier</subfield>
  </datafield>
  <datafield tag="993" ind1=" " ind2=" ">
   <subfield code="x">NEPOSILAT</subfield>
   <subfield code="y">VSKP</subfield>
  </datafield>
  <datafield tag="999" ind1="4" ind2="9">
   <subfield code="a">vse66004</subfield>
   <subfield code="b">230512</subfield>
  </datafield>
  <datafield tag="999" ind1="4" ind2="5">
   <subfield code="x">66004</subfield>
  </datafield>
 </record>
</collection>
